Die Geisteshaltung der Ägypter in der Frühzeit

Saved in:  
Bibliographic Details
Main Author: Junker, Hermann 1877-1962 (Author)
Format: Print Book
Language:German
Subito Delivery Service: Order now.
Check availability: HBZ Gateway
WorldCat: WorldCat
Interlibrary Loan:Interlibrary Loan for the Fachinformationsdienste (Specialized Information Services in Germany)
Published: Graz Wien Köln Böhlau 1961
In: Sitzungsberichte (237,1)
Year: 1961
Series/Journal:Sitzungsberichte / Österreichische Akademie der Wissenschaften, Philosophisch-Historische Klasse 237,1
Standardized Subjects / Keyword chains:B Egypt (Antiquity) / Culture
B Egypt (Antiquity) / Religion
RelBib Classification:BC Ancient Orient; religion
TC Pre-Christian history ; Ancient Near East
Further subjects:B Egypt Antiquity
B Intellectual history

MARC

LEADER 00000cam a2200000 c 4500
001 1071767917
003 DE-627
005 20260128171655.0
007 tu
008 850101s1961 xx ||||| 00| ||ger c
035 |a (DE-627)1071767917 
035 |a (DE-603)059092335 
035 |a (DE-576)001767917 
035 |a (DE-599)BSZ001767917 
035 |a (OCoLC)70317812 
035 |a (OCoLC)03401913 
035 |a (OCoLC)479456434 
040 |a DE-627  |b ger  |c DE-627  |e rakwb 
041 |a ger 
082 0 |a 932 
084 |a 6,21  |a 1  |2 ssgn 
084 |a 1  |2 ssgn 
100 1 |0 (DE-588)118714198  |0 (DE-627)134512170  |0 (DE-576)209328738  |4 aut  |a Junker, Hermann  |d 1877-1962 
109 |a Junker, Hermann 1877-1962  |a Junker, H. 1877-1962  |a Junker-Delaporte, ... 1877-1962 
245 1 4 |a Die Geisteshaltung der Ägypter in der Frühzeit  |c von Hermann Junker 
264 1 |a Graz  |a Wien  |a Köln  |b Böhlau  |c 1961 
300 |a 148 S. 
336 |a Text  |b txt  |2 rdacontent 
337 |a ohne Hilfsmittel zu benutzen  |b n  |2 rdamedia 
338 |a Band  |b nc  |2 rdacarrier 
490 1 |a Sitzungsberichte / Österreichische Akademie der Wissenschaften, Philosophisch-Historische Klasse  |v 237,1 
583 1 |a Archivierung/Langzeitarchivierung gewährleistet  |f SSG  |x XA-DE-BW  |2 pdager  |5 DE-21 
583 1 |a Archivierung/Langzeitarchivierung gewährleistet  |f SSG  |x XA-DE-BW  |2 pdager  |5 DE-16 
650 0 7 |0 (DE-588)4071653-3  |0 (DE-627)104288663  |0 (DE-576)209184574  |a Geistesgeschichte  |2 gnd 
651 7 |0 (DE-588)4068430-1  |0 (DE-627)106105639  |0 (DE-576)209173815  |a Ägypten  |g Altertum  |2 gnd 
652 |a BC:TC 
689 0 0 |d g  |0 (DE-588)4068430-1  |0 (DE-627)106105639  |0 (DE-576)209173815  |2 gnd  |a Ägypten  |g Altertum 
689 0 1 |d s  |0 (DE-588)4125698-0  |0 (DE-627)104470348  |0 (DE-576)209578750  |2 gnd  |a Kultur 
689 0 |5 (DE-627) 
689 1 0 |d g  |0 (DE-588)4068430-1  |0 (DE-627)106105639  |0 (DE-576)209173815  |2 gnd  |a Ägypten  |g Altertum 
689 1 1 |d s  |0 (DE-588)4049396-9  |0 (DE-627)106187155  |0 (DE-576)209081880  |2 gnd  |a Religion 
689 1 |5 (DE-627) 
810 2 |a Österreichische Akademie der Wissenschaften  |b Philosophisch-Historische Klasse  |t Sitzungsberichte  |v 237,1  |9 237,1  |w (DE-627)129516716  |w (DE-576)01492787X  |w (DE-600)211456-2  |x 0029-8832  |7 am 
889 |w (DE-603)059092335 
935 |a mteo  |a BIIN 
935 |h HEB  |i 0501 
935 |h HEB  |i 0503 
951 |a BO 
BIB |a 1 
ELC |b 1 
ITA |a 1  |t 1 
LOK |0 000 xxxxxcx a22 zn 4500 
LOK |0 001 2013152841 
LOK |0 003 DE-627 
LOK |0 004 1071767917 
LOK |0 005 20001201000000 
LOK |0 008 001201||||||||||||||||ger||||||| 
LOK |0 040   |a DE-21  |c DE-627  |d DE-21 
LOK |0 852   |a DE-21 
LOK |0 852 1  |c Kc 78;PHHI-237.1961  |9 00 
LOK |0 939   |a 01-12-00  |b l01 
LOK |0 000 xxxxxcx a22 zn 4500 
LOK |0 001 2013152868 
LOK |0 003 DE-627 
LOK |0 004 1071767917 
LOK |0 005 20100408002336 
LOK |0 008 950726||||||||||||||||ger||||||| 
LOK |0 040   |a DE-21-31  |c DE-627  |d DE-21-31 
LOK |0 541   |e 44167 
LOK |0 852   |a DE-21-31 
LOK |0 852 1  |c Cd I 27  |m p  |9 00 
LOK |0 938   |k p 
LOK |0 939   |a 26-07-95  |b l01 
LOK |0 000 xxxxxcx a22 zn 4500 
LOK |0 001 3060298084 
LOK |0 003 DE-627 
LOK |0 004 1071767917 
LOK |0 005 20190311232734 
LOK |0 008 190311||||||||||||||||ger||||||| 
LOK |0 035   |a (DE-Tue135-1)15411 
LOK |0 040   |a DE-Tue135-1  |c DE-627  |d DE-Tue135-1 
LOK |0 852   |a DE-Tue135-1 
LOK |0 852 1  |c AT02537  |m p  |9 00 
LOK |0 852 2  |b J 35  |9 00 
LOK |0 935   |a iMON 
LOK |0 936ln  |0 1442043377  |a BC 
LOK |0 936ln  |0 1442053569  |a TC 
LOK |0 938   |k p 
LOK |0 939   |a 11-03-19  |b l12 
ORI |a SA-MARC-ixtheoa001.raw 
REF |a Ägyptische Religion,Griechische Religion 
REL |a 1 
STA 0 0 |a Culture,Culture,Culture,Intellectual history,History of thought,Religion,Religion in literature,Religions,Religion 
STB 0 0 |a Culture,Culture,Civilisation,Civilisation,Culture,Civilisation (motif),Civilisation,Histoire intellectuelle,Religion,Religions,Religion 
STC 0 0 |a Cultura,Cultura,Historia intelectual,Religión,Religión,Religión 
STD 0 0 |a Cultura,Cultura,Religione,Religione,Religione,Storia dello spirito 
STE 0 0 |a 宗教,宗教,文化,精神史 
STF 0 0 |a 宗教,宗教,文化,精神史 
STG 0 0 |a Cultura,Cultura,História intelectual,Religião,Religião 
STH 0 0 |a История духа,Культура (мотив),Культура,Религия,Религия (мотив) 
STI 0 0 |a Θρησκεία,Θρησκεία (μοτίβο),Πνευματική ιστορία,Πολιτισμός <μοτίβο>,Πολιτισμός,Κουλτούρα,Κουλτούρα (μοτίβο) 
SUB |a BIB  |a REL 
SYF 0 0 |a Ägypten,Ägypten , Aegyptus,Miṣr,Egypt,Chibet,Ghubt,Ghibt,Arabische Republik Ägypten,Dschumhūriyyat Misr al-ʿArabiyya,Ǧumhūriyyat Misr al-ʿArabiyya,República Árabe de Egipto,Ŷumhūriyyat Miṣr Al-ʿArabiyyah,Arab Republic of Egypt,Ǧumhūriyyat Miṣr al-ʿArabiyyah,Arabiese Republiek Egipte,République arabe d'Égypte,Jumhuriyyat Miṣr al-ʿArabiyyah,Repubblica Araba d'Egitto,Egyiptomi Arab Köztársaság,Mısır Arap Cumhuriyeti,Ǧumhūrīyat Miṣr al-ʿArabīya,ARE,Egypte,al- Mamlaka al-Miṣrīya,ad- Daula al-Miṣrīya,Mısır,Egapt,République d'Egypte,Republic of Egypt,Egitto,Kingdom of Egypt,Republica Arabe de Egipto,Maṣr 
SYG 0 0 |a Ägypten,Ägypten , Aegyptus,Miṣr,Egypt,Chibet,Ghubt,Ghibt,Arabische Republik Ägypten,Dschumhūriyyat Misr al-ʿArabiyya,Ǧumhūriyyat Misr al-ʿArabiyya,República Árabe de Egipto,Ŷumhūriyyat Miṣr Al-ʿArabiyyah,Arab Republic of Egypt,Ǧumhūriyyat Miṣr al-ʿArabiyyah,Arabiese Republiek Egipte,République arabe d'Égypte,Jumhuriyyat Miṣr al-ʿArabiyyah,Repubblica Araba d'Egitto,Egyiptomi Arab Köztársaság,Mısır Arap Cumhuriyeti,Ǧumhūrīyat Miṣr al-ʿArabīya,ARE,Egypte,al- Mamlaka al-Miṣrīya,ad- Daula al-Miṣrīya,Mısır,Egapt,République d'Egypte,Republic of Egypt,Egitto,Kingdom of Egypt,Republica Arabe de Egipto,Maṣr , Culture , Ägypten,Ägypten , Aegyptus,Miṣr,Egypt,Chibet,Ghubt,Ghibt,Arabische Republik Ägypten,Dschumhūriyyat Misr al-ʿArabiyya,Ǧumhūriyyat Misr al-ʿArabiyya,República Árabe de Egipto,Ŷumhūriyyat Miṣr Al-ʿArabiyyah,Arab Republic of Egypt,Ǧumhūriyyat Miṣr al-ʿArabiyyah,Arabiese Republiek Egipte,République arabe d'Égypte,Jumhuriyyat Miṣr al-ʿArabiyyah,Repubblica Araba d'Egitto,Egyiptomi Arab Köztársaság,Mısır Arap Cumhuriyeti,Ǧumhūrīyat Miṣr al-ʿArabīya,ARE,Egypte,al- Mamlaka al-Miṣrīya,ad- Daula al-Miṣrīya,Mısır,Egapt,République d'Egypte,Republic of Egypt,Egitto,Kingdom of Egypt,Republica Arabe de Egipto,Maṣr , Religion,Mystik,Mythologie